000 01319nam a2200349Ia 4500
001 113690
003 DR-UNIBE
005 20250528140809.0
008 250527b2013 dr ||||| |||| 00| 0 spa d
020 _a9789945141078
040 _aBIBLIOTECA UNIBE
_cBIBLIOTECA UNIBE
_bspa
041 _aspa
082 0 _aRD 345.729305 O77c 2013
100 1 0 _aOrtega Polanco, Francisco Antonio,
_d1969-
_921041
_eautor
245 1 0 _aProcedimiento penal :
_bapuntado con solucionesprácticas y precisas en cada nota al pie de la página /
_cFrancisco Ortega Polanco
260 4 _aSanto Domingo :
_b[Editor no identificado],
_c2013
300 _a263 páginas
650 7 _aProcedimiento penal
_2lemb
_zRepública Dominicana
_915663
650 7 _aSolución de conflictos
_998137
_2lemb
650 7 _aJueces
_998138
_2lemb
650 7 _aAdministración de justicia penal
_998139
_2lemb
650 7 _aProcesos (Derechos)
_911259
_2lemb
650 7 _aIgualdad ante la ley
_998140
_2lemb
650 7 _aDerecho penal
700 1 _aHerrera Carbuccia, Olga V.
_eprologuista
_9113557
700 1 _aFebles, Miguel
_erevisor
_9182374
700 1 _aRivera, Santiago
_ediagramador
_9147927
700 1 _aVidal, Fior
_efotógrafo
_9181734
700 1 _aMazara M., Yurosky E.
_eeditor
_9196019
942 _cBK
_2ddc
951 _a20061022 10:18:00
999 _c113690
_d113690